Normal view
MARC view
- Microsoft .NET
Entry Topical Term
001 - CONTROL NUMBER
- control field: 95866
003 - CONTROL NUMBER IDENTIFIER
- control field: NUST
005 - DATE AND TIME OF LATEST TRANSACTION
- control field: 20220730092236.0
008 - FIXED-LENGTH DATA ELEMENTS
- fixed length control field: 220730|| aca||aabn | a|a d
040 ## - CATALOGING SOURCE
- Original cataloging agency: NUST
- Transcribing agency: NUST
150 ## - HEADING--TOPICAL TERM
- Topical term or geographic name entry element: Microsoft .NET
670 ## - SOURCE DATA FOUND
- Source citation: Work cat.: (NUST)176383: Buczek, Greg. 57861, ASP.NET tips & techniques / , c2002.
